Girls' Names in Top 1000-E (2023) - Statistics

General Stats
  • This quiz has been taken 348 times
  • The average score is 39 of 71
Answer Stats
Answer % Correct
Elle
98%
Emma
97%
Emely
94%
Emily
94%
Ella
90%
Eve
90%
Eva
88%
Ellie
87%
Ellis
84%
Eliza
83%
Elia
82%
Elisabeth
82%
Elizabeth
82%
Evelyn
82%
Evelynn
82%
Erin
77%
Eleanor
76%
Evie
76%
Esther
75%
Emelia
74%
Emilia
74%
Edith
65%
Elaina
65%
Elena
65%
Eden
61%
Esme
61%
Elise
60%
Elyse
60%
Elsie
58%
Eloise
56%
Elouise
56%
Emmie
56%
Emmy
56%
Eliana
53%
Elianna
53%
Elisa
53%
Elliana
53%
Ellianna
53%
Everlee
51%
Everleigh
51%
Everly
51%
Elaine
50%
Emerie
50%
Emery
50%
Emory
50%
Etta
50%
Ember
48%
Evangeline
47%
Emerson
46%
Emersyn
46%
Eileen
45%
Emmeline
44%
Esmeralda
40%
Estelle
36%
Ezra
36%
Eleanora
35%
Elina
34%
Elodie
32%
Estella
31%
Elliot
29%
Elliott
29%
Emerald
24%
Elora
21%
Emberly
19%
Emiliana
17%
Estrella
14%
Elowyn
13%
Emberlynn
11%
Ensley
6%
Esperanza
6%
Emryn
3%
No matching quizzes found
Score Distribution
Percent of People with Each Score
Percentile by Number Answered
Your Score History
You have not taken this quiz